[Event "Team men PL final"]
[Site "Sochi"]
[Date "2018.05.09"]
[Round "8.4"]
[White "Tsydypov, Zhamsaran"]
[Black "Matlakov, Maxim"]
[Result "0-1"]
[BlackElo "2704"]
[WhiteElo "2525"]
[LiveChessVersion "1.4.8"]

1. e4 {[%clk 1:29:53]} e5 {[%clk 1:30:50]} 2. Bc4 {[%clk 1:28:51]} Nf6
{[%clk 1:30:52]} 3. d3 {[%clk 1:29:08]} Nc6 {[%clk 1:29:52]} 4. Nf3
{[%clk 1:29:17]} Bc5 {[%clk 1:30:09]} 5. c3 {[%clk 1:29:26]} O-O {[%clk 1:29:29]}
6. a4 {[%clk 1:28:14]} a5 {[%clk 1:28:14]} 7. Bg5 {[%clk 1:28:16]} h6
{[%clk 1:20:38]} 8. Bh4 {[%clk 1:28:27]} Be7 {[%clk 1:20:44]} 9. Nbd2
{[%clk 1:25:13]} d6 {[%clk 1:15:49]} 10. Nf1 {[%clk 1:21:14]} Nh5
{[%clk 1:03:36]} 11. Bxe7 {[%clk 1:11:11]} Qxe7 {[%clk 1:02:32]} 12. Ne3
{[%clk 1:08:03]} Be6 {[%clk 1:02:18]} 13. Qb3 {[%clk 1:01:19]} Nf4
{[%clk 0:57:04]} 14. Qxb7 {[%clk 0:47:12]} Rab8 {[%clk 0:47:12]} 15. Qxc6
{[%clk 0:47:33]} Rb6 {[%clk 0:47:25]} 16. Qb5 {[%clk 0:45:57]} Rxb5
{[%clk 0:46:50]} 17. axb5 {[%clk 0:46:15]} f5 {[%clk 0:31:04]} 18. exf5
{[%clk 0:38:31]} d5 {[%clk 0:26:53]} 19. Ba2 {[%clk 0:35:28]} Nxd3+
{[%clk 0:22:38]} 20. Kd2 {[%clk 0:32:15]} Bf7 {[%clk 0:16:59]} 21. Kxd3
{[%clk 0:28:11]} e4+ {[%clk 0:16:40]} 22. Kc2 {[%clk 0:27:16]} exf3
{[%clk 0:17:03]} 23. gxf3 {[%clk 0:27:45]} Qh4 {[%clk 0:14:50]} 24. Rhf1
{[%clk 0:27:38]} Qa4+ {[%clk 0:14:55]} 25. Bb3 {[%clk 0:28:00]} Qxb5
{[%clk 0:15:19]} 26. Ba4 {[%clk 0:24:19]} Qe2+ {[%clk 0:14:24]} 27. Kc1
{[%clk 0:24:45]} Rb8 {[%clk 0:13:43]} 28. Bc2 {[%clk 0:24:53]} Qb5
{[%clk 0:12:31]} 29. Kd2 {[%clk 0:24:44]} d4 {[%clk 0:11:20]} 30. cxd4
{[%clk 0:24:59]} Qxb2 {[%clk 0:11:35]} 31. Ra4 {[%clk 0:24:08]} Rb4
{[%clk 0:11:03]} 0-1

[Event "Team men PL final"]
[Site "Sochi"]
[Date "2018.05.09"]
[Round "8.5"]
[White "Rodshtein, Maxim"]
[Black "Bocharov, Ivan"]
[Result "1-0"]
[BlackElo "2547"]
[WhiteElo "2678"]
[LiveChessVersion "1.4.8"]

1. d4 {[%clk 1:30:57]} d5 {[%clk 1:30:55]} 2. c4 {[%clk 1:31:15]} c6
{[%clk 1:31:24]} 3. Nf3 {[%clk 1:31:30]} Nf6 {[%clk 1:31:47]} 4. e3
{[%clk 1:31:40]} Bf5 {[%clk 1:31:59]} 5. Nc3 {[%clk 1:32:01]} a6 {[%clk 1:32:24]}
6. Qb3 {[%clk 1:32:05]} Ra7 {[%clk 1:32:53]} 7. Nh4 {[%clk 1:32:06]} Bc8
{[%clk 1:33:03]} 8. Qc2 {[%clk 1:32:11]} e6 {[%clk 1:30:10]} 9. Nf3
{[%clk 1:32:20]} Nbd7 {[%clk 1:27:45]} 10. b3 {[%clk 1:31:55]} Bd6
{[%clk 1:20:28]} 11. Bd3 {[%clk 1:12:20]} b5 {[%clk 1:13:04]} 12. O-O
{[%clk 1:10:03]} bxc4 {[%clk 0:54:23]} 13. bxc4 {[%clk 1:10:05]} dxc4
{[%clk 0:54:04]} 14. Bxc4 {[%clk 1:10:28]} c5 {[%clk 0:53:49]} 15. d5
{[%clk 0:56:53]} exd5 {[%clk 0:46:35]} 16. Nxd5 {[%clk 0:55:59]} Ne5
{[%clk 0:41:09]} 17. Nxf6+ {[%clk 0:50:35]} Qxf6 {[%clk 0:41:36]} 18. Nxe5
{[%clk 0:50:41]} Bxe5 {[%clk 0:40:19]} 19. Rb1 {[%clk 0:50:37]} O-O
{[%clk 0:33:04]} 20. Bd3 {[%clk 0:40:35]} Rc7 {[%clk 0:28:27]} 21. Bxh7+
{[%clk 0:28:59]} Kh8 {[%clk 0:28:56]} 22. Be4 {[%clk 0:28:41]} Re8
{[%clk 0:25:25]} 23. h3 {[%clk 0:23:03]} c4 {[%clk 0:25:20]} 24. Rd1
{[%clk 0:20:55]} c3 {[%clk 0:22:48]} 25. Ba3 {[%clk 0:13:01]} Bh2+
{[%clk 0:21:55]} 26. Kh1 {[%clk 0:11:07]} Rxe4 {[%clk 0:20:02]} 27. Qxe4
{[%clk 0:11:29]} c2 {[%clk 0:20:31]} 28. Kxh2 {[%clk 0:11:00]} Bf5
{[%clk 0:19:57]} 29. Rb8+ {[%clk 0:07:56]} Kh7 {[%clk 0:20:26]} 30. Qd4
{[%clk 0:07:08]} cxd1=B {[%clk 0:18:09]} 31. Qxd1 {[%clk 0:07:27]} Bg6
{[%clk 0:18:05]} 32. Bb2 {[%clk 0:07:06]} Rc1 {[%clk 0:13:53]} 33. Qd5
{[%clk 0:03:10]} Qe7 {[%clk 0:09:29]} 34. Qd4 {[%clk 0:02:11]} f5
{[%clk 0:08:02]} 35. Bxc1 {[%clk 0:02:31]} 1-0

[Event "Team men PL final"]
[Site "Sochi"]
[Date "2018.05.09"]
[Round "8.6"]
[White "Khanin, Semen"]
[Black "Alekseenko, Kirill"]
[Result "0-1"]
[BlackElo "2625"]
[WhiteElo "2477"]
[LiveChessVersion "1.4.8"]

1. e4 {[%clk 1:30:57]} e5 {[%clk 1:30:44]} 2. Nf3 {[%clk 1:31:21]} Nc6
{[%clk 1:30:56]} 3. Bb5 {[%clk 1:31:45]} a6 {[%clk 1:30:49]} 4. Ba4
{[%clk 1:32:08]} g6 {[%clk 1:30:56]} 5. c3 {[%clk 1:30:33]} Bg7 {[%clk 1:30:56]}
6. d4 {[%clk 1:30:17]} exd4 {[%clk 1:31:01]} 7. cxd4 {[%clk 1:30:42]} b5
{[%clk 1:31:19]} 8. Bc2 {[%clk 1:30:52]} d6 {[%clk 1:31:15]} 9. d5
{[%clk 1:26:48]} Na5 {[%clk 1:31:06]} 10. O-O {[%clk 1:23:20]} Ne7
{[%clk 1:31:03]} 11. Nc3 {[%clk 1:22:15]} O-O {[%clk 1:31:05]} 12. Nd4
{[%clk 1:21:25]} Bb7 {[%clk 1:28:40]} 13. Rb1 {[%clk 1:16:04]} Rc8
{[%clk 1:25:22]} 14. Bf4 {[%clk 1:14:48]} Re8 {[%clk 1:10:49]} 15. Re1
{[%clk 1:02:42]} Nc4 {[%clk 1:09:19]} 16. Qd3 {[%clk 0:21:22]} c5
{[%clk 1:01:58]} 17. Nde2 {[%clk 0:19:15]} Qa5 {[%clk 0:56:08]} 18. a3
{[%clk 0:16:57]} f5 {[%clk 0:52:15]} 19. b4 {[%clk 0:10:55]} Qc7 {[%clk 0:50:01]}
20. exf5 {[%clk 0:10:11]} Nxf5 {[%clk 0:47:35]} 21. bxc5 {[%clk 0:06:50]} Qxc5
{[%clk 0:47:42]} 22. Rbc1 {[%clk 0:04:13]} Nxa3 {[%clk 0:40:36]} 23. Ne4
{[%clk 0:02:14]} Rxe4 {[%clk 0:35:43]} 24. Qxe4 {[%clk 0:02:40]} Nxc2
{[%clk 0:35:22]} 25. Qe6+ {[%clk 0:02:21]} Kh8 {[%clk 0:35:29]} 26. Rxc2
{[%clk 0:00:58]} Qxc2 {[%clk 0:35:52]} 27. Rc1 {[%clk 0:01:07]} Nd4
{[%clk 0:36:17]} 28. Rxc2 {[%clk 0:00:57]} Nxe6 {[%clk 0:36:41]} 29. Rxc8+
{[%clk 0:01:16]} Bxc8 {[%clk 0:37:07]} 30. dxe6 {[%clk 0:01:43]} Bxe6
{[%clk 0:37:23]} 31. Bxd6 {[%clk 0:02:11]} a5 {[%clk 0:37:23]} 32. Bc7
{[%clk 0:01:06]} Bc4 {[%clk 0:37:10]} 0-1

[Event "Team men PL final"]
[Site "Sochi"]
[Date "2018.05.09"]
[Round "8.7"]
[White "Ponkratov, Pavel"]
[Black "Sarana, Alexey"]
[Result "1/2-1/2"]
[BlackElo "2587"]
[WhiteElo "2601"]
[LiveChessVersion "1.4.8"]

1. e4 {[%clk 1:30:57]} c5 {[%clk 1:30:53]} 2. Nf3 {[%clk 1:31:24]} d6
{[%clk 1:31:17]} 3. d4 {[%clk 1:31:51]} cxd4 {[%clk 1:31:41]} 4. Nxd4
{[%clk 1:32:18]} Nf6 {[%clk 1:32:05]} 5. Nc3 {[%clk 1:32:44]} a6 {[%clk 1:32:14]}
6. g3 {[%clk 1:33:10]} e5 {[%clk 1:32:20]} 7. Nf3 {[%clk 1:33:38]} Be7
{[%clk 1:26:55]} 8. Bg2 {[%clk 1:34:02]} O-O {[%clk 1:20:54]} 9. a4
{[%clk 1:34:20]} Nc6 {[%clk 1:19:05]} 10. O-O {[%clk 1:34:44]} Be6
{[%clk 1:16:55]} 11. Nh4 {[%clk 1:23:38]} Nb4 {[%clk 1:09:54]} 12. Nf5
{[%clk 1:06:58]} Bxf5 {[%clk 1:04:14]} 13. exf5 {[%clk 1:06:14]} d5
{[%clk 1:04:11]} 14. Bg5 {[%clk 0:58:14]} e4 {[%clk 1:02:56]} 15. a5
{[%clk 0:41:47]} Qc8 {[%clk 0:38:39]} 16. Bxf6 {[%clk 0:37:57]} Bxf6
{[%clk 0:39:06]} 17. Nxd5 {[%clk 0:38:20]} Nxd5 {[%clk 0:39:33]} 18. Qxd5
{[%clk 0:38:43]} Qxc2 {[%clk 0:40:00]} 19. Bxe4 {[%clk 0:36:32]} Qxb2
{[%clk 0:40:03]} 20. Ra2 {[%clk 0:25:09]} Rad8 {[%clk 0:35:18]} 21. Rxb2
{[%clk 0:19:10]} Rxd5 {[%clk 0:35:28]} 22. Bxd5 {[%clk 0:19:28]} Bxb2
{[%clk 0:35:54]} 23. Rb1 {[%clk 0:19:16]} Bc3 {[%clk 0:36:20]} 24. Rxb7
{[%clk 0:18:25]} Bxa5 {[%clk 0:36:45]} 25. g4 {[%clk 0:12:30]} Bd8
{[%clk 0:29:53]} 26. f4 {[%clk 0:12:42]} h6 {[%clk 0:30:07]} 27. Kg2
{[%clk 0:12:58]} Bf6 {[%clk 0:27:30]} 28. Bb3 {[%clk 0:09:43]} a5
{[%clk 0:27:24]} 29. Ra7 {[%clk 0:09:03]} a4 {[%clk 0:25:29]} 30. Rxa4
{[%clk 0:08:02]} Rb8 {[%clk 0:25:53]} 31. Bc4 {[%clk 0:07:50]} Rc8
{[%clk 0:25:38]} 32. Kg3 {[%clk 0:08:05]} Kf8 {[%clk 0:25:00]} 33. h4
{[%clk 0:08:17]} Bc3 {[%clk 0:23:15]} 34. g5 {[%clk 0:08:21]} h5 {[%clk 0:19:05]}
35. Kf2 {[%clk 0:07:05]} Ke7 {[%clk 0:17:50]} 36. Be2 {[%clk 0:06:18]} Rc5
{[%clk 0:17:20]} 37. Bd3 {[%clk 0:05:19]} Ba5 {[%clk 0:17:04]} 38. Ke3
{[%clk 0:04:37]} Kd6 {[%clk 0:16:36]} 39. Ke4 {[%clk 0:04:45]} Be1
{[%clk 0:15:46]} 40. Ra8 {[%clk 0:34:14]} Ra5 {[%clk 0:42:09]} 41. Rg8
{[%clk 0:33:18]} Ra4+ {[%clk 0:41:15]} 42. Kf3 {[%clk 0:33:40]} Bc3
{[%clk 0:41:15]} 43. Rd8+ {[%clk 0:32:19]} Ke7 {[%clk 0:40:29]} 44. Rc8
{[%clk 0:32:43]} Bd2 {[%clk 0:37:18]} 45. Bc4 {[%clk 0:26:30]} Kd6
{[%clk 0:30:32]} 46. Rd8+ {[%clk 0:16:59]} Ke7 {[%clk 0:30:56]} 47. Rxd2
{[%clk 0:17:24]} Rxc4 {[%clk 0:31:23]} 48. Ra2 {[%clk 0:17:37]} Rc8
{[%clk 0:26:08]} 49. Ra7+ {[%clk 0:17:35]} Kf8 {[%clk 0:26:32]} 50. Ke4
{[%clk 0:18:01]} Rb8 {[%clk 0:26:45]} 51. Ke5 {[%clk 0:17:33]} Rd8
{[%clk 0:23:24]} 52. Ra6 {[%clk 0:16:57]} Kg8 {[%clk 0:22:41]} 53. f6
{[%clk 0:16:52]} Re8+ {[%clk 0:20:52]} 54. Kd5 {[%clk 0:17:14]} Rd8+
{[%clk 0:20:35]} 55. Rd6 {[%clk 0:17:31]} Ra8 {[%clk 0:20:59]} 56. f5
{[%clk 0:10:58]} gxf6 {[%clk 0:19:09]} 57. gxf6 {[%clk 0:11:22]} Ra5+
{[%clk 0:15:02]} 58. Ke4 {[%clk 0:11:47]} Kh7 {[%clk 0:14:44]} 59. Rd7
{[%clk 0:11:12]} Ra4+ {[%clk 0:14:57]} 60. Rd4 {[%clk 0:10:55]} Ra6
{[%clk 0:13:43]} 61. Ke5 {[%clk 0:11:12]} Ra5+ {[%clk 0:13:01]} 62. Kf4
{[%clk 0:05:54]} Kh6 {[%clk 0:13:11]} 63. Rd7 {[%clk 0:06:20]} Rb5
{[%clk 0:10:28]} 64. Rd8 {[%clk 0:03:36]} Rb4+ {[%clk 0:10:04]} 65. Kg3
{[%clk 0:03:10]} Rg4+ {[%clk 0:10:20]} 66. Kh3 {[%clk 0:03:35]} Kh7
{[%clk 0:10:46]} 67. Rf8 {[%clk 0:04:02]} Rf4 {[%clk 0:11:08]} 68. Rxf7+
{[%clk 0:04:26]} Kh6 {[%clk 0:11:33]} 1/2-1/2

[Event "Team men PL final"]
[Site "Sochi"]
[Date "2018.05.09"]
[Round "8.8"]
[White "Esipenko, Andrey"]
[Black "Bezgodov, Alexei"]
[Result "1-0"]
[BlackElo "2460"]
[WhiteElo "2587"]
[LiveChessVersion "1.4.8"]

1. d4 {[%clk 1:30:56]} d5 {[%clk 1:30:51]} 2. c4 {[%clk 1:31:19]} e6
{[%clk 1:31:16]} 3. Nc3 {[%clk 1:31:42]} c5 {[%clk 1:31:35]} 4. cxd5
{[%clk 1:32:02]} exd5 {[%clk 1:32:00]} 5. Nf3 {[%clk 1:32:26]} Nc6
{[%clk 1:32:26]} 6. dxc5 {[%clk 1:31:25]} d4 {[%clk 1:32:35]} 7. Na4
{[%clk 1:31:45]} Bxc5 {[%clk 1:32:46]} 8. Nxc5 {[%clk 1:32:10]} Qa5+
{[%clk 1:33:13]} 9. Qd2 {[%clk 1:32:32]} Qxc5 {[%clk 1:33:38]} 10. a3
{[%clk 1:32:55]} Nge7 {[%clk 1:11:12]} 11. b4 {[%clk 1:31:40]} Qd5
{[%clk 1:08:30]} 12. Bb2 {[%clk 1:22:52]} Nf5 {[%clk 1:07:43]} 13. g3
{[%clk 1:12:58]} a5 {[%clk 0:42:32]} 14. Bg2 {[%clk 1:12:05]} axb4
{[%clk 0:42:39]} 15. O-O {[%clk 1:09:46]} Qb3 {[%clk 0:35:49]} 16. g4
{[%clk 0:56:05]} Nfe7 {[%clk 0:33:45]} 17. Nxd4 {[%clk 0:55:25]} Nxd4
{[%clk 0:34:09]} 18. Qxd4 {[%clk 0:53:48]} f6 {[%clk 0:30:40]} 19. Qxb4
{[%clk 0:46:43]} Qxb4 {[%clk 0:28:44]} 20. axb4 {[%clk 0:47:04]} Rxa1
{[%clk 0:29:12]} 21. Rxa1 {[%clk 0:47:29]} Bxg4 {[%clk 0:26:15]} 22. Ra8+
{[%clk 0:45:36]} Nc8 {[%clk 0:22:41]} 23. Bxb7 {[%clk 0:45:17]} Kd7
{[%clk 0:22:58]} 24. f3 {[%clk 0:44:56]} Kc7 {[%clk 0:21:40]} 25. Be4
{[%clk 0:43:08]} Bd7 {[%clk 0:21:41]} 26. Bc1 {[%clk 0:42:08]} Re8
{[%clk 0:16:35]} 27. Bf4+ {[%clk 0:41:01]} Kd8 {[%clk 0:16:43]} 28. Kf2
{[%clk 0:39:21]} h6 {[%clk 0:16:00]} 29. Ra1 {[%clk 0:32:40]} Ke7
{[%clk 0:13:12]} 30. Be3 {[%clk 0:32:01]} Bb5 {[%clk 0:10:51]} 31. Rd1
{[%clk 0:29:46]} Kf7 {[%clk 0:10:19]} 32. Bd5+ {[%clk 0:27:10]} Kg6
{[%clk 0:10:36]} 33. Rg1+ {[%clk 0:27:06]} Kh7 {[%clk 0:11:01]} 34. Be4+
{[%clk 0:27:27]} Kh8 {[%clk 0:11:26]} 35. Bg6 {[%clk 0:26:16]} Rd8
{[%clk 0:11:33]} 36. Bc5 {[%clk 0:25:54]} Rd2 {[%clk 0:10:58]} 37. Kg3
{[%clk 0:24:53]} Kg8 {[%clk 0:09:53]} 38. Ra1 {[%clk 0:24:27]} Rxe2
{[%clk 0:06:19]} 39. Rd1 {[%clk 0:24:51]} 1-0

[Event "Team men PL final"]
[Site "Sochi"]
[Date "2018.05.09"]
[Round "8.9"]
[White "Drygalov, Andrey"]
[Black "Kobalia, Mikhail"]
[Result "1/2-1/2"]
[BlackElo "2601"]
[WhiteElo "2431"]
[LiveChessVersion "1.4.8"]

1. e4 {[%clk 1:30:58]} c5 {[%clk 1:30:49]} 2. Nf3 {[%clk 1:31:23]} d6
{[%clk 1:31:14]} 3. d4 {[%clk 1:31:50]} cxd4 {[%clk 1:31:39]} 4. Nxd4
{[%clk 1:32:18]} Nf6 {[%clk 1:32:03]} 5. Nc3 {[%clk 1:32:44]} a6 {[%clk 1:32:28]}
6. Be3 {[%clk 1:33:11]} e5 {[%clk 1:31:58]} 7. Nb3 {[%clk 1:33:37]} Be7
{[%clk 1:32:23]} 8. f3 {[%clk 1:34:02]} Be6 {[%clk 1:32:24]} 9. Qd2
{[%clk 1:34:25]} O-O {[%clk 1:32:48]} 10. O-O-O {[%clk 1:34:47]} Nbd7
{[%clk 1:33:09]} 11. g4 {[%clk 1:35:04]} b5 {[%clk 1:33:27]} 12. g5
{[%clk 1:35:26]} Nh5 {[%clk 1:33:45]} 13. Nd5 {[%clk 1:32:54]} Bxd5
{[%clk 1:33:58]} 14. exd5 {[%clk 1:33:20]} f5 {[%clk 1:33:35]} 15. gxf6
{[%clk 1:33:46]} Bxf6 {[%clk 1:33:56]} 16. Na5 {[%clk 1:32:17]} Nf4
{[%clk 1:33:41]} 17. Nc6 {[%clk 1:31:28]} Qc7 {[%clk 1:23:28]} 18. c4
{[%clk 1:21:05]} Nb8 {[%clk 1:22:43]} 19. Qa5 {[%clk 1:15:02]} Qb7
{[%clk 1:22:47]} 20. cxb5 {[%clk 1:04:51]} axb5 {[%clk 1:22:53]} 21. Qxb5
{[%clk 1:05:01]} Qxb5 {[%clk 1:23:16]} 22. Bxb5 {[%clk 1:05:26]} Rxa2
{[%clk 1:23:38]} 23. Kb1 {[%clk 1:02:21]} Ra8 {[%clk 1:24:02]} 24. Rd2
{[%clk 0:45:33]} Nd7 {[%clk 1:17:42]} 25. Rc1 {[%clk 0:43:54]} Bg5
{[%clk 1:13:14]} 26. Ne7+ {[%clk 0:41:36]} Bxe7 {[%clk 1:13:04]} 27. Bxd7
{[%clk 0:42:02]} Bg5 {[%clk 1:11:51]} 28. Rc3 {[%clk 0:36:31]} Rab8
{[%clk 1:05:25]} 29. Rdc2 {[%clk 0:34:53]} h6 {[%clk 1:05:10]} 30. Rc8
{[%clk 0:32:22]} Rfxc8 {[%clk 0:46:22]} 31. Rxc8+ {[%clk 0:23:27]} Rxc8
{[%clk 0:46:39]} 32. Bxc8 {[%clk 0:23:53]} Kf7 {[%clk 0:45:27]} 33. Bxf4
{[%clk 0:13:41]} Bxf4 {[%clk 0:45:40]} 34. h3 {[%clk 0:14:06]} Kf6
{[%clk 0:44:06]} 35. Kc2 {[%clk 0:13:48]} Kg5 {[%clk 0:44:34]} 36. Kd3
{[%clk 0:12:35]} Bc1 {[%clk 0:44:57]} 37. Ke4 {[%clk 0:07:40]} Bxb2
{[%clk 0:45:23]} 38. Bd7 {[%clk 0:07:55]} Bc1 {[%clk 0:45:42]} 39. Bc8
{[%clk 0:08:19]} Kh4 {[%clk 0:45:39]} 40. Bd7 {[%clk 0:38:23]} Kg3
{[%clk 1:16:03]} 41. Be6 {[%clk 0:38:10]} h5 {[%clk 1:16:15]} 42. Bd7
{[%clk 0:37:57]} g5 {[%clk 1:16:35]} 43. Bc8 {[%clk 0:37:36]} Kh2 1/2-1/2

[Event "Team men PL final"]
[Site "Sochi"]
[Date "2018.05.09"]
[Round "8.10"]
[White "Iljiushenok, Ilia"]
[Black "Gutenev, Alexander"]
[Result "1-0"]
[BlackElo "2474"]
[WhiteElo "2516"]
[LiveChessVersion "1.4.8"]

1. e4 {[%clk 1:30:53]} c5 {[%clk 1:30:43]} 2. Nf3 {[%clk 1:31:18]} Nc6
{[%clk 1:30:59]} 3. d4 {[%clk 1:31:41]} cxd4 {[%clk 1:31:23]} 4. Nxd4
{[%clk 1:32:08]} Nf6 {[%clk 1:31:43]} 5. Nc3 {[%clk 1:32:32]} d6 {[%clk 1:32:06]}
6. Bg5 {[%clk 1:32:40]} e6 {[%clk 1:32:07]} 7. Qd2 {[%clk 1:32:57]} Be7
{[%clk 1:32:20]} 8. O-O-O {[%clk 1:33:13]} O-O {[%clk 1:32:42]} 9. f4
{[%clk 1:33:03]} Nxd4 {[%clk 1:32:45]} 10. Qxd4 {[%clk 1:33:26]} Qa5
{[%clk 1:32:59]} 11. Kb1 {[%clk 1:32:35]} Rd8 {[%clk 1:29:54]} 12. h4
{[%clk 1:32:29]} h6 {[%clk 1:17:34]} 13. Qe3 {[%clk 1:30:30]} Kf8
{[%clk 0:34:21]} 14. Bd3 {[%clk 1:29:05]} Bd7 {[%clk 0:21:24]} 15. e5
{[%clk 1:24:42]} dxe5 {[%clk 0:21:19]} 16. fxe5 {[%clk 1:24:38]} Ng4
{[%clk 0:21:11]} 17. Bxe7+ {[%clk 1:22:12]} Kxe7 {[%clk 0:21:37]} 18. Qg3
{[%clk 1:22:26]} Nxe5 {[%clk 0:20:48]} 19. Qxg7 {[%clk 1:19:54]} Rg8
{[%clk 0:19:47]} 20. Qxh6 {[%clk 1:20:10]} Nxd3 {[%clk 0:18:02]} 21. Rxd3
{[%clk 1:20:30]} Qe5 {[%clk 0:14:16]} 22. Qd2 {[%clk 1:20:10]} Bc6
{[%clk 0:14:06]} 23. Re1 {[%clk 1:20:23]} Qh2 {[%clk 0:12:00]} 24. Nd5+
{[%clk 1:14:28]} Bxd5 {[%clk 0:12:23]} 25. Rxd5 {[%clk 1:14:55]} Rxg2
{[%clk 0:03:12]} 26. Qb4+ {[%clk 1:02:00]} Ke8 {[%clk 0:03:32]} 27. Rh5
{[%clk 1:01:44]} Rg8 {[%clk 0:02:35]} 28. Qb5+ {[%clk 1:01:36]} Kf8
{[%clk 0:02:42]} 29. Qc5+ {[%clk 1:02:00]} Ke8 {[%clk 0:01:59]} 30. Rh7
{[%clk 1:02:24]} Qh3 {[%clk 0:01:49]} 31. Qb5+ {[%clk 1:02:37]} 1-0

[Event "Team men PL final"]
[Site "Sochi"]
[Date "2018.05.09"]
[Round "8.11"]
[White "Drygalov, Sergey"]
[Black "Triapishko, Alexandr"]
[Result "1/2-1/2"]
[BlackElo "2510"]
[WhiteElo "2418"]
[LiveChessVersion "1.4.8"]

1. d4 {[%clk 1:30:58]} Nf6 {[%clk 1:30:52]} 2. Nf3 {[%clk 1:31:10]} g6
{[%clk 1:31:03]} 3. c4 {[%clk 1:31:36]} Bg7 {[%clk 1:31:04]} 4. g3
{[%clk 1:32:01]} b6 {[%clk 1:31:21]} 5. Bg2 {[%clk 1:31:15]} Bb7 {[%clk 1:31:47]}
6. O-O {[%clk 1:30:48]} O-O {[%clk 1:32:08]} 7. Qc2 {[%clk 1:30:00]} e6
{[%clk 1:16:24]} 8. Nc3 {[%clk 1:29:21]} d5 {[%clk 1:11:34]} 9. cxd5
{[%clk 1:21:37]} exd5 {[%clk 1:08:52]} 10. Bf4 {[%clk 1:15:36]} c6
{[%clk 1:04:12]} 11. Rfe1 {[%clk 1:09:23]} Na6 {[%clk 0:47:48]} 12. Rad1
{[%clk 1:05:12]} Re8 {[%clk 0:44:11]} 13. Qc1 {[%clk 0:57:20]} Nc7
{[%clk 0:40:40]} 14. Be5 {[%clk 0:54:01]} Ne6 {[%clk 0:39:07]} 15. Ng5
{[%clk 0:46:27]} Nxg5 {[%clk 0:21:57]} 16. Qxg5 {[%clk 0:46:36]} Nd7
{[%clk 0:19:04]} 17. Qxd8 {[%clk 0:46:05]} Raxd8 {[%clk 0:19:33]} 18. Bxg7
{[%clk 0:46:23]} Kxg7 {[%clk 0:19:59]} 19. e3 {[%clk 0:44:18]} Ba6
{[%clk 0:17:15]} 20. Rd2 {[%clk 0:42:22]} Nf6 {[%clk 0:14:28]} 21. Rc1
{[%clk 0:38:26]} Kf8 {[%clk 0:11:49]} 22. Nd1 {[%clk 0:27:19]} Bb7
{[%clk 0:09:48]} 23. Rdc2 {[%clk 0:23:25]} Ke7 {[%clk 0:06:41]} 24. b3
{[%clk 0:23:34]} Kd6 {[%clk 0:06:47]} 25. Nb2 {[%clk 0:23:50]} Nd7
{[%clk 0:05:30]} 26. Nd3 {[%clk 0:22:25]} Rc8 {[%clk 0:05:59]} 27. Bh3
{[%clk 0:22:17]} Rc7 {[%clk 0:06:06]} 28. Rc3 {[%clk 0:17:25]} f6
{[%clk 0:05:28]} 29. Nf4 {[%clk 0:15:57]} Nf8 {[%clk 0:03:48]} 30. Bf1
{[%clk 0:08:19]} Rec8 {[%clk 0:02:27]} 31. Be2 {[%clk 0:06:24]} c5
{[%clk 0:01:53]} 32. dxc5+ {[%clk 0:05:22]} Rxc5 {[%clk 0:02:20]} 33. Rxc5
{[%clk 0:05:31]} Rxc5 {[%clk 0:02:35]} 34. Rd1 {[%clk 0:03:19]} Ne6
{[%clk 0:02:38]} 35. Nxe6 {[%clk 0:03:29]} Kxe6 {[%clk 0:03:06]} 36. Bd3
{[%clk 0:03:52]} Ra5 {[%clk 0:01:37]} 37. Rd2 {[%clk 0:03:50]} Rc5
{[%clk 0:01:54]} 38. Rd1 {[%clk 0:04:00]} Ra5 {[%clk 0:02:12]} 39. Rd2
{[%clk 0:04:07]} Rc5 {[%clk 0:01:46]} 40. Bc2 {[%clk 0:32:31]} Ba6
{[%clk 0:30:57]} 41. f3 {[%clk 0:31:34]} Ra5 {[%clk 0:21:04]} 42. Kf2
{[%clk 0:29:32]} f5 {[%clk 0:16:40]} 43. Bd1 {[%clk 0:20:10]} Rc5
{[%clk 0:08:41]} 44. Ke1 {[%clk 0:12:32]} Rc1 {[%clk 0:02:11]} 45. Rd4
{[%clk 0:10:38]} b5 {[%clk 0:01:27]} 46. b4 {[%clk 0:06:51]} Ra1 {[%clk 0:01:22]}
47. Rd2 {[%clk 0:05:42]} d4 {[%clk 0:00:56]} 48. Kf2 {[%clk 0:03:56]} Bb7
{[%clk 0:01:03]} 49. Bb3+ {[%clk 0:01:44]} Bd5 {[%clk 0:01:30]} 50. Bxd5+
{[%clk 0:02:11]} Kxd5 {[%clk 0:01:57]} 51. Rxd4+ {[%clk 0:02:37]} Ke6
{[%clk 0:02:09]} 52. Rd2 {[%clk 0:02:30]} Rb1 {[%clk 0:00:55]} 53. a3
{[%clk 0:02:56]} Rb3 {[%clk 0:01:00]} 54. Ra2 {[%clk 0:03:22]} g5
{[%clk 0:00:34]} 1/2-1/2

[Event "Team men PL final"]
[Site "Sochi"]
[Date "2018.05.09"]
[Round "8.12"]
[White "Chernobay, Artem"]
[Black "Frolov, Ivan"]
[Result "1-0"]
[BlackElo "2243"]
[WhiteElo "2510"]
[LiveChessVersion "1.4.8"]

1. e4 {[%clk 1:30:59]} e5 {[%clk 1:30:54]} 2. Nf3 {[%clk 1:31:21]} Nc6
{[%clk 1:31:19]} 3. d4 {[%clk 1:31:08]} exd4 {[%clk 1:31:36]} 4. Nxd4
{[%clk 1:31:36]} Nf6 {[%clk 1:31:52]} 5. Nxc6 {[%clk 1:31:39]} bxc6
{[%clk 1:31:41]} 6. e5 {[%clk 1:32:00]} Qe7 {[%clk 1:31:57]} 7. Qe2
{[%clk 1:32:25]} Nd5 {[%clk 1:32:21]} 8. h4 {[%clk 1:31:18]} f6 {[%clk 1:27:19]}
9. exf6 {[%clk 1:17:29]} Nxf6 {[%clk 1:27:01]} 10. Nd2 {[%clk 1:13:03]} d5
{[%clk 1:23:58]} 11. Nb3 {[%clk 1:12:25]} Qxe2+ {[%clk 1:23:33]} 12. Bxe2
{[%clk 1:12:52]} Bd6 {[%clk 1:23:54]} 13. Be3 {[%clk 1:10:41]} O-O
{[%clk 1:18:26]} 14. O-O {[%clk 1:10:10]} Bg4 {[%clk 1:14:28]} 15. Ba6
{[%clk 1:00:34]} Rab8 {[%clk 1:10:07]} 16. Rfb1 {[%clk 1:00:19]} Bf5
{[%clk 1:09:11]} 17. Bd3 {[%clk 1:00:22]} Bxd3 {[%clk 1:00:49]} 18. cxd3
{[%clk 1:00:48]} Nd7 {[%clk 0:58:47]} 19. d4 {[%clk 0:42:58]} Bf4
{[%clk 0:58:20]} 20. Bxf4 {[%clk 0:33:34]} Rxf4 {[%clk 0:58:44]} 21. Rc1
{[%clk 0:33:37]} a5 {[%clk 0:56:36]} 22. Rxc6 {[%clk 0:29:22]} a4
{[%clk 0:55:07]} 23. Rxc7 {[%clk 0:29:44]} Nf8 {[%clk 0:49:59]} 24. g3
{[%clk 0:17:27]} Re4 {[%clk 0:49:39]} 25. Nc5 {[%clk 0:17:48]} Rxd4
{[%clk 0:50:02]} 26. Re1 {[%clk 0:13:41]} Rd8 {[%clk 0:40:18]} 27. Ree7
{[%clk 0:12:45]} Rd1+ {[%clk 0:38:59]} 28. Kg2 {[%clk 0:13:11]} d4
{[%clk 0:39:25]} 29. Rxg7+ {[%clk 0:13:29]} Kh8 {[%clk 0:39:51]} 30. Ne4
{[%clk 0:13:43]} 1-0